[Event "Aut_2.Bundesliga_Ost_2003/04"]
[Site "Bruck/Leitha (1+2), Wien (3+4), Eichgraben (5-7), Wien (8+9), Eichgraben (10+11)"]
[Date "2003.12.08"]
[Round "7"]
[Board "5"]
[White "Ranits, Franz"]
[Black "Fusi, Christoph"]
[Result "1-0"]
[WhiteElo "2250"]
[BlackElo "2241"]
[PlyCount "99"]

1.e4 c5 2.c3 Nf6 3.e5 Nd5 4.d4 cxd4 5.cxd4 Nc6 6.Nf3 d6 7.Bc4 e6 8.O-O Nb6 9.Bb5
Bd7 10.Nc3 a6 11.Bd3 dxe5 12.Nxe5 Nxe5 13.dxe5 Bc6 14.Qe2 Nd5 15.Bd2 Nxc3
16.Bxc3 Qd5 17.f3 Bb4 18.Bxb4 Qd4+ 19.Kh1 Qxb4 20.a3 Qf4 21.Rac1 O-O 22.Rc4 Qg5
23.Rg4 Qe7 24.Qf2 Rad8 25.Bb1 Rd7 26.Qg3 g6 27.h4 Bb5 28.Rc1 Rfd8 29.Kh2 Bd3
30.Bxd3 Rxd3 31.h5 Kg7 32.Qf4 h6 33.hxg6 fxg6 34.Qe4 Qf7 35.Rf4 Qe8 36.Qxb7+
R8d7 37.Rc7 g5 38.Rfc4 Qf7 39.Qc6 Rxc7 40.Qxc7 Rd7 41.Qc6 a5 42.b4 axb4 43.axb4
h5 44.b5 Kh6 45.b6 g4 46.fxg4 hxg4 47.Qe4 Rd5 48.Rb4 Qf2 49.Qxg4 Rxe5 50.Rb3

[Event "Aut_2.Bundesliga_Ost_2003/04"]
[Site "Bruck/Leitha (1+2), Wien (3+4), Eichgraben (5-7), Wien (8+9), Eichgraben (10+11)"]
[Date "2003.12.08"]
[Round "7"]
[Board "6"]
[White "Zetthofer, Gerald"]
[Black "Kocsisek, Marcus"]
[Result "0-1"]
[WhiteElo "2225"]
[BlackElo "2215"]
[PlyCount "96"]

1.c4 Nf6 2.Nc3 g6 3.d4 Bg7 4.g3 O-O 5.Bg2 d6 6.Nf3 Nc6 7.O-O a6 8.e4 Rb8 9.d5
Na5 10.Qd3 c5 11.Nd2 Ng4 12.b3 b5 13.cxb5 axb5 14.Bb2 c4 15.bxc4 Ne5 16.Qc2
Naxc4 17.Nd1 Nxb2 18.Nxb2 Nc4 19.Ndxc4 bxc4 20.Rab1 c3 21.Nd3 Ba6 22.Rxb8 Qxb8
23.Rb1 Qc7 24.Nb4 Bb5 25.a4 Bd7 26.Bf1 Ra8 27.Bb5 f5 28.Nc6 fxe4 29.Nxe7+ Kf8
30.Bxd7 Qxd7 31.Nc6 Qf5 32.Qb3 Re8 33.Rf1 h5 34.h4 g5 35.hxg5 Qxg5 36.Qd1 Kg8
37.Kh2 h4 38.Rg1 Rf8 39.Qe2 Rf7 40.Qxe4 Rxf2+ 41.Kh3 c2 42.Ne7+ Kh8 43.Ng6+ Kh7
44.Nxh4+ Kh6 45.g4 Be5 46.Nf5+ Kh7 47.Ne7+ Kh8 48.Ng6+ Qxg6

[Event "Aut_2.Bundesliga_Ost_2003/04"]
[Site "Bruck/Leitha (1+2), Wien (3+4), Eichgraben (5-7), Wien (8+9), Eichgraben (10+11)"]
[Date "2003.12.08"]
[Round "7"]
[Board "1"]
[White "Jansa, Vlastimil"]
[Black "Brestian, Egon"]
[Result "1-0"]
[WhiteElo "2477"]
[BlackElo "2431"]
[PlyCount "25"]

1.e4 c5 2.Nf3 d6 3.d4 cxd4 4.Nxd4 Nf6 5.Nc3 g6 6.Bc4 Bg7 7.O-O O-O 8.Be3 Nc6
9.Bb3 Nxd4 10.Qxd4 Bd7 11.Bg5 h6 12.Bh4 g5 13.Bg3 {36 Zuege}

[Event "Aut_2.Bundesliga_Ost_2003/04"]
[Site "Bruck/Leitha (1+2), Wien (3+4), Eichgraben (5-7), Wien (8+9), Eichgraben (10+11)"]
[Date "2003.12.08"]
[Round "7"]
[Board "2"]
[White "Lipka, Juraj"]
[Black "Schumi, Manfred"]
[Result "1-0"]
[WhiteElo "2417"]
[BlackElo "2220"]
[PlyCount "57"]

1.d4 Nf6 2.Nf3 g6 3.Bg5 Bg7 4.Nbd2 O-O 5.c3 d6 6.e4 c5 7.d5 Na6 8.Be2 Nc7 9.O-O
b6 10.Re1 h6 11.Bh4 Re8 12.Qc2 g5 13.Bg3 Nh5 14.Rad1 Nxg3 15.hxg3 Bb7 16.a4 Qd7
17.Nh2 e6 18.Bg4 Qe7 19.dxe6 fxe6 20.Nc4 Rad8 21.e5 dxe5 22.Nxe5 Rxd1 23.Bxd1
Bxe5 24.Rxe5 Qf6 25.Ng4 Qg7 26.Qd2 Nd5 27.Nxh6+ Qxh6 28.Rxg5+ Kf7 29.Rxd5

[Event "Aut_2.Bundesliga_Ost_2003/04"]
[Site "Bruck/Leitha (1+2), Wien (3+4), Eichgraben (5-7), Wien (8+9), Eichgraben (10+11)"]
[Date "2003.12.08"]
[Round "7"]
[Board "4"]
[White "Kuthan, Andreas"]
[Black "Rogetzer, Klaus"]
[Result "1-0"]
[WhiteElo "2237"]
[BlackElo "2119"]
[PlyCount "59"]

1.e4 d6 2.d4 Nf6 3.Nc3 g6 4.Be3 c6 5.Qd2 b5 6.Bd3 Nbd7 7.Nf3 Bb7 8.h3 e5 9.dxe5
dxe5 10.O-O Qe7 11.a4 a6 12.axb5 cxb5 13.Nxb5 Nc5 14.Qa5 Rc8 15.Nc3 Bg7 16.Bxc5
Rxc5 17.Qb4 O-O 18.Bxa6 Bxa6 19.Rxa6 Qc7 20.Qb6 Rb8 21.Qxc7 Rxc7 22.Rd1 h6
23.Ra2 Rxc3 24.bxc3 Nxe4 25.Ra7 Nxc3 26.Rdd7 Rb1+ 27.Kh2 e4 28.Rxf7 Bf8 29.Ne5
Nb5 30.Ra8

[Event "Aut_2.Bundesliga_Ost_2003/04"]
[Site "Bruck/Leitha (1+2), Wien (3+4), Eichgraben (5-7), Wien (8+9), Eichgraben (10+11)"]
[Date "2003.12.08"]
[Round "7"]
[Board "5"]
[White "Steiner, Johann"]
[Black "Travenec, Igor"]
[Result "1/2-1/2"]
[WhiteElo "2071"]
[BlackElo "2234"]
[PlyCount "79"]

1.e4 e6 2.d4 d5 3.exd5 exd5 4.Bd3 Nc6 5.c3 Bd6 6.Be3 Nge7 7.Qc2 Ng6 8.Ne2 Qf6
9.Nd2 Nce7 10.O-O-O Bf5 11.Ng3 Bxd3 12.Qxd3 Nf4 13.Bxf4 Qxf4 14.Qf3 O-O 15.Qxf4
Bxf4 16.Kb1 Rfe8 17.Nf3 Kf8 18.Rhe1 Ng8 19.Rxe8+ Rxe8 20.Re1 Nf6 21.Rxe8+ Kxe8
22.Ne1 g6 23.Nd3 Bd6 24.f3 Ke7 25.Kc2 h5 26.Nf1 c6 27.h3 Ne8 28.Kd2 Ng7 29.Ne3
Ke6 30.b3 Nf5 31.Nxf5 Kxf5 32.Ke3 f6 33.Kf2 b6 34.Ke3 a5 35.Kf2 Bf8 36.g4+ hxg4
37.hxg4+ Ke6 38.Ke2 Bd6 39.Ke3 Bc7 40.Nf4+

[Event "Aut_2.Bundesliga_Ost_2003/04"]
[Site "Bruck/Leitha (1+2), Wien (3+4), Eichgraben (5-7), Wien (8+9), Eichgraben (10+11)"]
[Date "2003.12.08"]
[Round "7"]
[Board "6"]
[White "Froschauer, Hans"]
[Black "Newrkla, Alexander"]
[Result "1/2-1/2"]
[WhiteElo "2120"]
[BlackElo "2061"]
[PlyCount "148"]

1.d4 Nf6 2.Nf3 d6 3.c4 Nbd7 4.Nc3 c5 5.e3 g6 6.Be2 Bg7 7.O-O O-O 8.Qc2 a6 9.Rd1
Qc7 10.b3 cxd4 11.exd4 d5 12.Ba3 dxc4 13.bxc4 Nb6 14.Qb3 Bg4 15.Bxe7 Rfe8
16.Bxf6 Bxf6 17.c5 Nd7 18.Nd5 Qc6 19.Nxf6+ Qxf6 20.Qc2 h5 21.h3 Bf5 22.Qd2 Rad8
23.Rac1 Be4 24.Rc3 Bd5 25.Nh2 Nb8 26.Bf3 Nc6 27.Bxd5 Rxd5 28.Nf3 Re4 29.Rd3 g5
30.Ne5 Nxe5 31.dxe5 Rdxe5 32.Rf3 Qe7 33.Qd8+ Kg7 34.Qxe7 Rxe7 35.Rd5 R4e5 36.Rf5
Rxf5 37.Rxf5 Kg6 38.Rd5 f6 39.Kf1 Rc7 40.Ke2 Kf7 41.Kd3 Ke6 42.Ke4 Rc6 43.f4
gxf4 44.Rxh5 b6 45.cxb6 Rxb6 46.Ra5 Rb4+ 47.Kf3 Rc4 48.Rxa6+ Ke5 49.Ra5+ Ke6
50.h4 f5 51.a4 Kf6 52.Ra6+ Ke5 53.h5 Rc3+ 54.Kf2 Rc2+ 55.Kg1 f3 56.gxf3 Kf4
57.h6 Kxf3 58.Rg6 Rc1+ 59.Kh2 Rc2+ 60.Kh3 Rc1 61.Rg3+ Kf4 62.Kh2 Rc2+ 63.Rg2 Rc6
64.Rf2+ Kg5 65.Kg3 Rxh6 66.a5 Rc6 67.Ra2 Ra6 68.Kf3 Kf6 69.Kf4 Ke6 70.Re2+ Kd6
71.Re5 Kc6 72.Kxf5 Ra8 73.Ke4 Rd8 74.Kf5 Kb7

[Event "Aut_2.Bundesliga_Ost_2003/04"]
[Site "Bruck/Leitha (1+2), Wien (3+4), Eichgraben (5-7), Wien (8+9), Eichgraben (10+11)"]
[Date "2003.12.08"]
[Round "7"]
[Board "1"]
[White "Blatny, Pavel"]
[Black "Lau, Ralf"]
[Result "1-0"]
[WhiteElo "2452"]
[BlackElo "2497"]
[PlyCount "54"]

1.b3 e5 2.e3 Nc6 3.Bb2 d6 4.g3 g6 5.Bg2 Bg7 6.d3 Nge7 7.Nd2 Be6 8.Ne2 Qd7 9.Nf4
O-O 10.Nxe6 Qxe6 11.a3 a5 12.Qe2 f5 13.h4 h6 14.Kf1 Rae8 15.Kg1 Qf7 16.Bh3 d5
17.Rh2 Bf6 18.Kh1 Kg7 19.Rg1 g5 20.f3 Rh8 21.e4 gxh4 22.gxh4+ Kh7 23.f4 Reg8
24.Rxg8 Rxg8 25.Nf3 fxe4 26.Nxe5 Nxe5 27.fxe5 Bxh4 {41 Zuege}

[Event "Aut_2.Bundesliga_Ost_2003/04"]
[Site "Bruck/Leitha (1+2), Wien (3+4), Eichgraben (5-7), Wien (8+9), Eichgraben (10+11)"]
[Date "2003.12.08"]
[Round "7"]
[Board "2"]
[White "Wukits, Rene"]
[Black "Penz, Harald"]
[Result "1/2-1/2"]
[WhiteElo "2301"]
[BlackElo "2307"]
[PlyCount "41"]

1.d4 d5 2.c4 c5 3.cxd5 Qxd5 4.Nf3 cxd4 5.Nc3 Qa5 6.Nxd4 Nf6 7.Qd3 Bd7 8.g3 Nc6
9.Bg2 Rd8 10.Nxc6 Bxc6 11.Bxc6+ bxc6 12.Qc4 c5 13.O-O e6 14.Qb5+ Qxb5 15.Nxb5
Rd7 16.Bg5 a6 17.Na3 Be7 18.Rfd1 Nd5 19.Bxe7 Kxe7 20.Rac1 Nb6 21.Rxd7+

[Event "Aut_2.Bundesliga_Ost_2003/04"]
[Site "Bruck/Leitha (1+2), Wien (3+4), Eichgraben (5-7), Wien (8+9), Eichgraben (10+11)"]
[Date "2003.12.08"]
[Round "7"]
[Board "3"]
[White "Janetschek, Karl"]
[Black "Kleiser, Gregor"]
[Result "0-1"]
[WhiteElo "2254"]
[BlackElo "2235"]
[PlyCount "74"]

1.e4 c5 2.Nf3 Nc6 3.d4 cxd4 4.Nxd4 Nf6 5.Nc3 e5 6.Ndb5 d6 7.Bg5 a6 8.Na3 b5
9.Bxf6 gxf6 10.Nd5 f5 11.Bxb5 axb5 12.Nxb5 Ra4 13.Nbc7+ Kd7 14.c4 Rxc4 15.Qh5
Nd4 16.Qxf7+ Kc6 17.Nb4+ Kb7 18.Qd5+ Kxc7 19.Qxc4+ Kd7 20.Rc1 Bb7 21.Nd5 fxe4
22.Qc7+ Qxc7 23.Rxc7+ Ke6 24.Rxb7 Kxd5 25.O-O Bh6 26.a4 e3 27.fxe3 Bxe3+ 28.Kh1
Ra8 29.Ra1 Nc2 30.Rd1+ Bd4 31.b3 Ne3 32.Rc1 h5 33.Rb5+ Ke4 34.a5 Rg8 35.g3 h4
36.a6 hxg3 37.hxg3 Kf3

[Event "Aut_2.Bundesliga_Ost_2003/04"]
[Site "Bruck/Leitha (1+2), Wien (3+4), Eichgraben (5-7), Wien (8+9), Eichgraben (10+11)"]
[Date "2003.12.08"]
[Round "7"]
[Board "4"]
[White "Kreindl, Helmut"]
[Black "Hangweyrer, Roman"]
[Result "1-0"]
[WhiteElo "2219"]
[BlackElo "2214"]
[PlyCount "75"]

1.d4 Nf6 2.Nf3 g6 3.Bf4 Bg7 4.e3 O-O 5.Be2 d6 6.h3 c5 7.c3 b6 8.O-O Bb7 9.Nbd2
Nbd7 10.a4 Ne4 11.Nxe4 Bxe4 12.Nd2 Bb7 13.Bf3 Bxf3 14.Nxf3 e5 15.Bh2 Qe7 16.dxe5
Nxe5 17.Qd5 Rad8 18.Rfd1 Rfe8 19.Rd2 Qe6 20.Qxe6 Nxf3+ 21.gxf3 Rxe6 22.Rad1 Bf8
23.e4 f6 24.Rd5 Kf7 25.b4 Ke7 26.Bg3 Rd7 27.bxc5 bxc5 28.Rb1 Bg7 29.c4 Bf8 30.a5
Kf7 31.a6 Re8 32.Rbd1 Re6 33.Rxc5 d5 34.Rcxd5 Rxd5 35.cxd5 Rxa6 36.d6 Ra3 37.d7
Be7 38.Bd6

[Event "Aut_2.Bundesliga_Ost_2003/04"]
[Site "Bruck/Leitha (1+2), Wien (3+4), Eichgraben (5-7), Wien (8+9), Eichgraben (10+11)"]
[Date "2003.12.08"]
[Round "7"]
[Board "5"]
[White "Prager, Manfred"]
[Black "Ponjican, Erich"]
[Result "0-1"]
[WhiteElo "2099"]
[BlackElo "2115"]
[PlyCount "122"]

1.e4 Nf6 2.Nc3 d5 3.e5 Nfd7 4.d4 e6 5.f4 c5 6.Nf3 Nc6 7.Ne2 f6 8.c3 fxe5 9.dxe5
Be7 10.g3 O-O 11.Bh3 Kh8 12.O-O Ndb8 13.Be3 b5 14.a3 a5 15.Qd2 a4 16.Rfd1 Na5
17.Qc2 Nc4 18.Bf2 Nc6 19.Nd2 N6a5 20.Nc1 Qb6 21.Bf1 Nxd2 22.Rxd2 g5 23.b4 axb3
24.Nxb3 Nc4 25.Rdd1 gxf4 26.Qe2 f3 27.Qe1 Nxa3 28.Ra2 Bb7 29.Rda1 Nc4 30.Bd3
Rxa2 31.Rxa2 b4 32.cxb4 Qxb4 33.Qxb4 cxb4 34.Ra7 Rb8 35.Bd4 Bf8 36.Kf2 Bg7
37.Kxf3 Nxe5+ 38.Bxe5 Bxe5 39.Nc5 Rf8+ 40.Ke2 Bc8 41.Rxh7+ Kg8 42.Rh4 Bc3
43.Rg4+ Kf7 44.Rf4+ Ke7 45.Rxf8 Kxf8 46.Ke3 e5 47.Nb3 Ke7 48.Be2 Bf5 49.Bd1 d4+
50.Kf3 e4+ 51.Kf4 Bh7 52.g4 e3 53.Kf3 Bd3 54.Nc1 Bc4 55.Ne2 Bd5+ 56.Kf4 b3
57.Nxc3 dxc3 58.Kxe3 c2 59.Bxc2 bxc2 60.Kd2 Be4 61.h4 Kf6

[Event "Aut_2.Bundesliga_Ost_2003/04"]
[Site "Bruck/Leitha (1+2), Wien (3+4), Eichgraben (5-7), Wien (8+9), Eichgraben (10+11)"]
[Date "2003.12.08"]
[Round "7"]
[Board "6"]
[White "Petschar, Hans"]
[Black "Penker, Harald"]
[Result "1/2-1/2"]
[WhiteElo "2048"]
[BlackElo "2124"]
[PlyCount "28"]

1.c4 e6 2.Nf3 d5 3.g3 c6 4.d4 Nf6 5.Bg2 Be7 6.O-O Nbd7 7.Qc2 O-O 8.Rd1 Re8 9.b3
Ne4 10.Bb2 f5 11.Nbd2 Nxd2 12.Rxd2 a5 13.cxd5 exd5 14.e3 g6

[Event "Aut_2.Bundesliga_Ost_2003/04"]
[Site "Bruck/Leitha (1+2), Wien (3+4), Eichgraben (5-7), Wien (8+9), Eichgraben (10+11)"]
[Date "2004.01.31"]
[Round "8"]
[Board "1"]
[White "Likavsky, Tomas"]
[Black "Lau, Ralf"]
[Result "1/2-1/2"]
[WhiteElo "2472"]
[BlackElo "2497"]
[PlyCount "128"]

1.d4 d6 2.Nf3 Bg4 3.c4 Nd7 4.e4 e5 5.d5 Be7 6.Bd3 a5 7.b3 Nc5 8.Bc2 f5 9.h3 Bh5
10.Nc3 f4 11.a3 Nf6 12.Bb2 O-O 13.b4 Na6 14.Na2 h6 15.Qd3 Bg6 16.Nd2 Qd7 17.Bc3
axb4 18.axb4 c6 19.f3 cxd5 20.cxd5 Nc7 21.O-O Kh7 22.Nc4 Qb5 23.Qe2 Rfc8 24.Bd3
Ncxd5 25.Be1 Ne3 26.Nxe3 Qb6 27.Bf2 fxe3 28.Bxe3 Qd8 29.Rac1 d5 30.exd5 Qxd5
31.Bxg6+ Kxg6 32.Nc3 Qc4 33.Qc2+ Kf7 34.Qf5 Bxb4 35.Nd5 Qxd5 36.Rxc8 Rxc8
37.Qxc8 b5 38.Rc1 e4 39.fxe4 Qxe4 40.Bc5 Bd2 41.Rf1 Kg6 42.Qc7 Qc4 43.Qd6 Bc3
44.Rd1 b4 45.Bd4 Kf7 46.Bxc3 bxc3 47.Qd4 Qxd4+ 48.Rxd4 Ke6 49.Rc4 Nd5 50.h4 g5
51.hxg5 hxg5 52.Kf2 Kf5 53.Kf3 Ke5 54.g4 Ke6 55.Ke4 Nf6+ 56.Kd3 Kf7 57.Kxc3 Kg6
58.Kd3 Ng8 59.Ke4 Nh6 60.Ke5 Nf7+ 61.Ke6 Nh6 62.Ke7 Kg7 63.Ke8 Kg6 64.Ke7 Kg7

[Event "Aut_2.Bundesliga_Ost_2003/04"]
[Site "Bruck/Leitha (1+2), Wien (3+4), Eichgraben (5-7), Wien (8+9), Eichgraben (10+11)"]
[Date "2004.01.31"]
[Round "8"]
[Board "2"]
[White "Kleiser, Gregor"]
[Black "Antal, Gergely"]
[Result "0-1"]
[WhiteElo "2235"]
[BlackElo "2498"]
[PlyCount "55"]

1.d4 f5 2.Nf3 Nf6 3.g3 g6 4.Bg2 Bg7 5.O-O O-O 6.c4 d6 7.Nc3 Qe8 8.b3 e5 9.dxe5
dxe5 10.e4 Nc6 11.Ba3 Rf7 12.Qe1 Nd4 13.Rc1 Bh6 14.exf5 Bxc1 15.Qxc1 Bxf5
16.Nxd4 exd4 17.Re1 Qd7 18.Bxb7 Rb8 19.Bd5 Nxd5 20.Nxd5 Re8 21.Bc5 c6 22.Nc7
Rxe1+ 23.Qxe1 d3 24.Bb4 d2 25.Bxd2 Qxc7 26.Bc3 Re7 27.Qd2 Qd7 28.Qg5

[Event "Aut_2.Bundesliga_Ost_2003/04"]
[Site "Bruck/Leitha (1+2), Wien (3+4), Eichgraben (5-7), Wien (8+9), Eichgraben (10+11)"]
[Date "2004.01.31"]
[Round "8"]
[Board "3"]
[White "Dudas, Jan"]
[Black "Kreindl, Helmut"]
[Result "1-0"]
[WhiteElo "2320"]
[BlackElo "2219"]
[PlyCount "59"]

1.d4 d5 2.Nf3 Nf6 3.Bg5 e6 4.Nbd2 Be7 5.e3 O-O 6.Bd3 c5 7.c3 b6 8.Ne5 Nfd7 9.Bf4
Nxe5 10.dxe5 Nd7 11.Qh5 f5 12.g4 c4 13.Bc2 g6 14.Qh6 Nc5 15.O-O-O b5 16.Rhg1 Rf7
17.Nf3 Bf8 18.Qh3 Ne4 19.gxf5 exf5 20.Bxe4 fxe4 21.e6 Rb7 22.Ng5 Qa5 23.Rxd5
Qxa2 24.Rd7 h6 25.Nf3 Bxd7 26.Rxg6+ Bg7 27.Rxg7+ Kf8 28.Qf5+ Ke8 29.Rg8+ Ke7
30.Qf7#

[Event "Aut_2.Bundesliga_Ost_2003/04"]
[Site "Bruck/Leitha (1+2), Wien (3+4), Eichgraben (5-7), Wien (8+9), Eichgraben (10+11)"]
[Date "2004.01.31"]
[Round "8"]
[Board "4"]
[White "Schwaninger, Wolfgang"]
[Black "Todor, Razvan"]
[Result "1/2-1/2"]
[WhiteElo "2226"]
[BlackElo "2223"]
[PlyCount "132"]

1.c4 e5 2.g3 c6 3.Bg2 Nf6 4.Nc3 Bc5 5.e3 O-O 6.Nge2 d6 7.Na4 Bb4 8.a3 Ba5 9.b4
Bc7 10.Bb2 Bg4 11.d4 Nbd7 12.O-O exd4 13.Bxd4 Ne5 14.f3 Be6 15.c5 d5 16.Qc2 Nc4
17.Nb2 Nxb2 18.Qxb2 Ne8 19.Rad1 Qe7 20.Nc3 Rd8 21.e4 Nf6 22.exd5 cxd5 23.Nb5 Bb8
24.Rfe1 Qd7 25.Bxf6 gxf6 26.Nd4 Bh3 27.f4 Bxg2 28.Kxg2 Qg4 29.Qe2 Qg6 30.Qd3
Rfe8 31.Qf5 h5 32.Re6 Rxe6 33.Qxg6+ fxg6 34.Nxe6 Rd7 35.b5 Kf7 36.c6 bxc6
37.bxc6 Re7 38.Nd8+ Ke8 39.Rxd5 Bc7 40.Nb7 Re2+ 41.Kh3 Rc2 42.Nd6+ Ke7 43.Nb5
Rxc6 44.Nxa7 Rc2 45.Nb5 Bb6 46.Rd1 Bc5 47.a4 Ra2 48.Nc3 Ra3 49.Nd5+ Ke6 50.Nc7+
Ke7 51.Rc1 Bd6 52.Re1+ Kd7 53.Nd5 Kc6 54.Nxf6 Bxf4 55.Re6+ Kc5 56.Nd7+ Kd4
57.Rxg6 Be3 58.Nf6 Ra2 59.Nxh5 Bg1 60.Kg4 Bxh2 61.Ra6 Ra3 62.Kh4 Bxg3+ 63.Nxg3
Kc4 64.Ne2 Kb4 65.Rb6+ Kxa4 66.Nd4 Rd3

[Event "Aut_2.Bundesliga_Ost_2003/04"]
[Site "Bruck/Leitha (1+2), Wien (3+4), Eichgraben (5-7), Wien (8+9), Eichgraben (10+11)"]
[Date "2004.01.31"]
[Round "8"]
[Board "5"]
[White "Achs, Reinhold"]
[Black "Wallner, Alfred"]
[Result "1/2-1/2"]
[WhiteElo "2140"]
[BlackElo "2241"]
[PlyCount "82"]

1.c4 g6 2.Nc3 c5 3.b3 Bg7 4.Bb2 Nc6 5.g3 e5 6.Bg2 Nge7 7.e3 O-O 8.Nge2 d6 9.O-O
Bg4 10.h3 Be6 11.d3 Qd7 12.Kh2 Rad8 13.e4 f5 14.Qd2 f4 15.gxf4 exf4 16.f3 g5
17.Nd5 Ng6 18.Rf2 Nh4 19.d4 Bxd5 20.cxd5 Nb4 21.a3 Na6 22.Rc1 b6 23.Bf1 Nc7
24.b4 Rb8 25.dxc5 Bxb2 26.Qxb2 bxc5 27.Qc2 Na6 28.Ng1 Nxb4 29.axb4 Rxb4 30.Rb1
a5 31.Rxb4 axb4 32.Qb3 Ra8 33.Ra2 Ra7 34.Ra6 Qg7 35.Rxa7 Qxa7 36.Bc4 Qa1 37.Qa2
Qe1 38.Qe2 Qc3 39.Qd3 Qe1 40.Qe2 Qc3 41.Qd3 Qe1

[Event "Aut_2.Bundesliga_Ost_2003/04"]
[Site "Bruck/Leitha (1+2), Wien (3+4), Eichgraben (5-7), Wien (8+9), Eichgraben (10+11)"]
[Date "2004.01.31"]
[Round "8"]
[Board "6"]
[White "Ponjican, Erich"]
[Black "Plank, Franz"]
[Result "0-1"]
[WhiteElo "2115"]
[BlackElo "2236"]
[PlyCount "104"]

1.e4 d5 2.exd5 Qxd5 3.Nc3 Qa5 4.d4 Nf6 5.Nf3 Bf5 6.Bd2 e6 7.Nb5 Qb6 8.c4 c6 9.c5
Qd8 10.Na3 Be4 11.Bc3 Be7 12.Be2 Nbd7 13.Nc4 Nd5 14.O-O O-O 15.Re1 Nxc3 16.bxc3
b6 17.cxb6 axb6 18.Nfe5 Nxe5 19.Nxe5 Qc7 20.Bc4 Bd5 21.Bb3 b5 22.Qd3 Ra3 23.Rab1
Bd6 24.Re3 Rd8 25.Rh3 f5 26.Qe2 Bxe5 27.dxe5 Bxb3 28.axb3 Qd7 29.Re3 Qd2 30.Kf1
Ra2 31.g3 Qc2 32.Qxc2 Rxc2 33.Rbe1 Rdd2 34.R1e2 Rxe2 35.Rxe2 Rxc3 36.Rb2 b4
37.Ke2 Kf7 38.f4 h6 39.Kf2 Ke7 40.Kg2 c5 41.h4 h5 42.Kf2 Ke8 43.Rb1 Kd7 44.Rd1+
Kc7 45.Rd6 Rxb3 46.Rxe6 c4 47.Re7+ Kd8 48.Rxg7 c3 49.Ke3 c2+ 50.Kd2 Rc3 51.Ke1
b3 52.Rb7 Rd3

[Event "Aut_2.Bundesliga_Ost_2003/04"]
[Site "Bruck/Leitha (1+2), Wien (3+4), Eichgraben (5-7), Wien (8+9), Eichgraben (10+11)"]
[Date "2004.01.31"]
[Round "8"]
[Board "1"]
[White "Markos, Jan"]
[Black "Penz, Harald"]
[Result "1-0"]
[WhiteElo "2459"]
[BlackElo "2307"]
[PlyCount "139"]

1.d4 d5 2.c4 c5 3.Nf3 Nf6 4.cxd5 cxd4 5.Nxd4 Nxd5 6.e4 Nb4 7.Qa4+ N8c6 8.Be3 Bd7
9.Nxc6 Nxc6 10.Nc3 e6 11.Rd1 Bb4 12.Qb3 Qa5 13.Be2 Ne5 14.O-O Bxc3 15.bxc3 Bc6
16.f4 Nd7 17.f5 e5 18.Rxd7 Bxd7 19.Qxb7 Rc8 20.f6 Qxc3 21.fxg7 Qxe3+ 22.Kh1 Rg8
23.Bb5 Rd8 24.Bxd7+ Rxd7 25.Qb8+ Rd8 26.Qxe5+ Kd7 27.Rxf7+ Kc6 28.Qc7+ Kb5
29.Rf5+ Kb4 30.Qa5+ Kc4 31.Qa4+ Kd3 32.Rf3 Qxf3 33.gxf3 Ke2 34.Qxa7 Kxf3 35.Qf7+
Kxe4 36.Kg2 Rge8 37.Kg3 Ke3 38.a4 Rc8 39.a5 Kd4 40.Qd7+ Ke5 41.Qf7 Kd4 42.h4
Re3+ 43.Kf4 Re4+ 44.Kg5 Rc5+ 45.Qf5 Rxf5+ 46.Kxf5 Rxh4 47.g8=Q Rh5+ 48.Kg4 Rxa5
49.Qxh7 Rd5 50.Kf4 Rd6 51.Qe4+ Kc5 52.Ke5 Rd7 53.Qc2+ Kb6 54.Qc8 Rc7 55.Qd8 Kc6
56.Qd5+ Kb6 57.Kd6 Rb7 58.Qc4 Ka5 59.Qd3 Kb6 60.Qc3 Ka6 61.Qc8 Kb6 62.Qc6+ Ka7
63.Qd5 Kb6 64.Qe4 Ka6 65.Kc6 Rb6+ 66.Kc7 Ka5 67.Qa8+ Ra6 68.Qd5+ Ka4 69.Qd7+ Ka5
70.Qf5+

[Event "Aut_2.Bundesliga_Ost_2003/04"]
[Site "Bruck/Leitha (1+2), Wien (3+4), Eichgraben (5-7), Wien (8+9), Eichgraben (10+11)"]
[Date "2004.01.31"]
[Round "8"]
[Board "2"]
[White "Hangweyrer, Roman"]
[Black "Brestian, Egon"]
[Result "0-1"]
[WhiteElo "2214"]
[BlackElo "2431"]
[PlyCount "58"]

1.c4 Nf6 2.Nf3 g6 3.Nc3 Bg7 4.e4 d6 5.d4 O-O 6.Be2 e5 7.O-O Nc6 8.d5 Ne7 9.b4 a5
10.Ba3 axb4 11.Bxb4 b6 12.a4 Ne8 13.a5 c5 14.dxc6 Nxc6 15.Qd5 Qd7 16.Rfd1 bxa5
17.Bxd6 Qxd6 18.Qxd6 Nxd6 19.Rxd6 Nd4 20.Rd5 a4 21.Bd1 Be6 22.Rc5 Nb3 23.Bxb3
axb3 24.Rb1 Rfb8 25.Nd2 Bf8 26.Rb5 Rxb5 27.Nxb5 Rd8 28.Nxb3 Bxc4 29.Nc3 Rd3

[Event "Aut_2.Bundesliga_Ost_2003/04"]
[Site "Bruck/Leitha (1+2), Wien (3+4), Eichgraben (5-7), Wien (8+9), Eichgraben (10+11)"]
[Date "2004.01.31"]
[Round "8"]
[Board "3"]
[White "Lipka, Juraj"]
[Black "Prager, Manfred"]
[Result "1-0"]
[WhiteElo "2417"]
[BlackElo "2099"]
[PlyCount "57"]

1.d4 Nf6 2.Nf3 d5 3.c3 e6 4.Bg5 Be7 5.Nbd2 Nbd7 6.e3 O-O 7.Bd3 c5 8.Ne5 Nxe5
9.dxe5 Nd7 10.Bf4 f5 11.h4 c4 12.Bc2 Nc5 13.Nf3 Bd7 14.Nd4 a5 15.g4 Ne4 16.gxf5
exf5 17.Bxe4 fxe4 18.e6 Be8 19.Qg4 Bf6 20.Bg5 Ra6 21.O-O-O a4 22.a3 Bxg5 23.hxg5
Bg6 24.Rh2 b5 25.Rdh1 b4 26.Rxh7 Bxh7 27.Qh4 Re8 28.Qxh7+ Kf8 29.Nf5

[Event "Aut_2.Bundesliga_Ost_2003/04"]
[Site "Bruck/Leitha (1+2), Wien (3+4), Eichgraben (5-7), Wien (8+9), Eichgraben (10+11)"]
[Date "2004.01.31"]
[Round "8"]
[Board "4"]
[White "Penker, Harald"]
[Black "Alvir, Aco"]
[Result "0-1"]
[WhiteElo "2124"]
[BlackElo "2374"]
[PlyCount "72"]

1.e4 g6 2.d4 Bg7 3.Nc3 d6 4.Be3 a6 5.Qd2 b5 6.a3 Nd7 7.Be2 Bb7 8.Nh3 c5 9.f3
cxd4 10.Bxd4 Ngf6 11.Be3 O-O 12.O-O Qc7 13.Rac1 Rfc8 14.Nf4 Nb6 15.Kh1 Nfd7
16.Nd1 Qd8 17.c3 Rab8 18.Nf2 Ba8 19.b3 Qf8 20.Nd5 e6 21.Nxb6 Nxb6 22.Bd4 e5
23.Be3 d5 24.Qb2 f5 25.Bxb6 Rxb6 26.Bd3 Kh8 27.exd5 Bxd5 28.Bb1 Bg8 29.Bc2 Rbc6
30.Nd1 Rd8 31.a4 Rcd6 32.Nf2 Qf7 33.axb5 axb5 34.Rcd1 Qa7 35.Rxd6 Rxd6 36.Rd1
Qxf2

[Event "Aut_2.Bundesliga_Ost_2003/04"]
[Site "Bruck/Leitha (1+2), Wien (3+4), Eichgraben (5-7), Wien (8+9), Eichgraben (10+11)"]
[Date "2004.01.31"]
[Round "8"]
[Board "5"]
[White "Kuthan, Andreas"]
[Black "Krasser, Margit"]
[Result "1/2-1/2"]
[WhiteElo "2237"]
[BlackElo "2048"]
[PlyCount "28"]

1.e4 c6 2.c4 g6 3.Nc3 Bg7 4.d4 d6 5.Be2 Qa5 6.Nf3 Bg4 7.O-O Bxf3 8.Bxf3 Qb6
9.Be3 Qxb2 10.Na4 Qb4 11.Qc2 Qa5 12.Rab1 Qc7 13.c5 Nd7 14.cxd6 exd6

[Event "Aut_2.Bundesliga_Ost_2003/04"]
[Site "Bruck/Leitha (1+2), Wien (3+4), Eichgraben (5-7), Wien (8+9), Eichgraben (10+11)"]
[Date "2004.01.31"]
[Round "8"]
[Board "6"]
[White "Locatin, Marko"]
[Black "Froschauer, Hans"]
[Result "1/2-1/2"]
[WhiteElo "2036"]
[BlackElo "2120"]
[PlyCount "43"]

1.e4 g6 2.d4 Bg7 3.Nc3 d6 4.Bc4 c6 5.Qf3 e6 6.Nge2 b5 7.Bb3 b4 8.Nd1 Ne7 9.Bg5
O-O 10.Bf6 Bxf6 11.Qxf6 Nd7 12.Qg5 d5 13.exd5 exd5 14.Ne3 f6 15.Qg3 Nb6 16.O-O
Nf5 17.Nxf5 Bxf5 18.a3 Re8 19.Nf4 a5 20.axb4 axb4 21.Rxa8 Qxa8 22.Nd3

[Event "Aut_2.Bundesliga_Ost_2003/04"]
[Site "Bruck/Leitha (1+2), Wien (3+4), Eichgraben (5-7), Wien (8+9), Eichgraben (10+11)"]
[Date "2004.01.31"]
[Round "8"]
[Board "1"]
[White "Tibensky, Robert"]
[Black "Plachetka, Jan"]
[Result "1/2-1/2"]
[WhiteElo "2405"]
[BlackElo "2457"]
[PlyCount "27"]

1.d4 Nf6 2.Nf3 e6 3.Bg5 c5 4.e3 h6 5.Bh4 d5 6.Nbd2 Nbd7 7.c3 Be7 8.Bd3 O-O 9.Ne5
Nxe5 10.dxe5 Nd7 11.Bg3 b6 12.h4 a5 13.Bf4 f6 14.exf6

[Event "Aut_2.Bundesliga_Ost_2003/04"]
[Site "Bruck/Leitha (1+2), Wien (3+4), Eichgraben (5-7), Wien (8+9), Eichgraben (10+11)"]
[Date "2004.01.31"]
[Round "8"]
[Board "2"]
[White "Staudner, Oliver"]
[Black "Banas, Jan"]
[Result "1-0"]
[WhiteElo "2359"]
[BlackElo "2369"]
[PlyCount "61"]

1.e4 c5 2.c3 Nf6 3.e5 Nd5 4.Nf3 e6 5.Bc4 d6 6.d4 cxd4 7.cxd4 Nb6 8.Bb3 dxe5
9.Nxe5 Nc6 10.Nxc6 bxc6 11.O-O Be7 12.Bf4 O-O 13.Nc3 Nd5 14.Be5 Ba6 15.Re1 Nf6
16.Qf3 Rc8 17.Rad1 Qa5 18.Qg3 g6 19.Qh4 Qd8 20.Qh6 Nh5 21.Ne4 Re8 22.Re3 Bf8
23.Qxh5 gxh5 24.Rg3+ Bg7 25.Bf6 Be2 26.Rxg7+ Kf8 27.Rd2 Qxf6 28.Nxf6 Kxg7
29.Nxe8+ Rxe8 30.Rxe2 Rd8 31.Re4